01733nam a2200433Ii 4500001001100000003000800011006001900019007001500038008004100053020002700094020001800121020001600139035002100155040002600176043001200202050001700214245029300231264004400524300004200568336002600610337002600636338003600662490003700698504005400735650001700789650003700806650001900843650003800862651004700900650004000947655002200987700002501009700002601034700003801060700002001098710005901118830005001177856007201227DIGDEU1912NyNyDIGm o d cr |||||||||||130501s2004 sp a ob 000 0 spa d a9788498305463q(eBook) z9788474859577 z8474859573  a(OCoLC)857077392 aDGITAbengepncDGITA ae-sp---14aHD2963 eBook03aLa Economía solidaria y su inserción en la formación universitaria /cInstituto de Derechos Humanos ; equipos de investigación: primera fase: Bernardo García (coodinador), Fernando Consuegra ... [et al.], segunda fase: Xabier Etxeberria (coordinador), Marta Enciso ... [et al.]. 1aBilbao :bUniversidad de Deusto,c2004. a1 online resource (168 pages) :bill. atextbtxt2rdacontent acomputerbc2rdamedia aonline resourcebcr2rdacarrier1 aSerie Derechos humanos ;vv. 12. aIncludes bibliographical references (p. 161-168). 0aCooperation. 0aEconomicsxSociological aspects. 0aSocial rights. 0aCooperationzSpainzPaís Vasco. 0aPaís Vasco (Spain)xEconomic conditions. 0aSocial rightszSpainzPaís Vasco. 0aElectronic books.1 aGarcía, Bernardo. 1 aConsuegra, Fernando. 1 aEtxeberria, X.q(Xabier),d1944- 1 aEnciso, Marta. 2 aUniversidad de Deusto.bInstituto de Derechos Humanos. 0aSerie Derechos humanos (Bilbao, Spain) ;v12.403Digitalia Hispánicauhttps://www.digitaliapublishing.com/a/18041/